[Event "III Miedzynarodowy Memorial Ireny Warakomskiej - Open C"]
[Site "Suwalki"]
[Date "2019.08.12"]
[Round "5.12"]
[White "Wojtacha, Krzysztof"]
[Black "Dunda, Szymon"]
[Result "1/2-1/2"]
[WhiteTitle ""]
[BlackTitle ""]
[WhiteElo "1446"]
[BlackElo "1106"]

1. e4 c5 2. Nf3 e6 3. d4 cxd4 4. Nxd4 g6 5. Nc3 d6 6. Bd3 Bg7 7. f4 Nf6 8. a3 b5
9. Nf3 Qc7 10. O-O Bd7 11. Kh1 Nc6 12. Bd2 O-O 13. Qe1 1/2-1/2

[Event "III Miedzynarodowy Memorial Ireny Warakomskiej - Open C"]
[Site "Suwalki"]
[Date "2019.08.12"]
[Round "5.13"]
[White "Milewski, Mateusz"]
[Black "Businski, Karol"]
[Result "0-1"]
[WhiteTitle ""]
[BlackTitle ""]
[WhiteElo "1207"]
[BlackElo "1441"]

1. d4 Nf6 2. Nf3 g6 3. Bf4 Bg7 4. e3 d6 5. Bg3 O-O 6. Nbd2 Nc6 7. Bd3 e6 8. c3
e5 9. dxe5 Nxe5 10. Nxe5 dxe5 11. Bc2 Nh5 12. O-O Nxg3 13. hxg3 b5 14. Be4 Rb8
15. Nb3 Rb6 16. Qxd8 Rxd8 17. Rfd1 Rbd6 18. Bf3 Bf5 19. Rxd6 Rxd6 20. Rd1 Rxd1+
21. Bxd1 Bf8 22. Nd2 c5 23. c4 Kg7 24. cxb5 0-1

[Event "III Miedzynarodowy Memorial Ireny Warakomskiej - Open C"]
[Site "Suwalki"]
[Date "2019.08.12"]
[Round "5.14"]
[White "Cwiek, Stefan"]
[Black "Owczarek, Monika "]
[Result "1/2-1/2"]
[WhiteTitle ""]
[BlackTitle ""]
[WhiteElo "1365"]
[BlackElo "1439"]

1. e4 c5 2. c3 Nf6 3. e5 Nd5 4. g3 Qc7 5. d4 cxd4 6. cxd4 d6 7. exd6 Qxd6 8. Bg2
Nc6 9. Ne2 g6 10. O-O Bg7 11. Nbc3 Nxc3 12. bxc3 O-O 13. Be3 e6 14. Qc2 Ne7 15.
c4 Nf5 16. Rad1 Nxe3 17. fxe3 Rb8 18. Rb1 Qc7 19. e4 b6 20. Nf4 Rd8 21. d5 exd5
22. Nxd5 Qc5+ 23. Qf2 Qxf2+ 24. Kxf2 Bb7 25. Rbc1 Kf8 26. Bh3 h5 27. Rfd1 Rd6
1/2-1/2

[Event "III Miedzynarodowy Memorial Ireny Warakomskiej - Open C"]
[Site "Suwalki"]
[Date "2019.08.12"]
[Round "5.15"]
[White "Bednarska, Julita"]
[Black "Kutylo, Konrad "]
[Result "1/2-1/2"]
[WhiteTitle ""]
[BlackTitle ""]
[WhiteElo "1436"]
[BlackElo "1303"]

1. e4 e6 2. d4 d5 3. Nc3 Bb4 4. e5 c5 5. a3 Bxc3+ 6. bxc3 Nc6 7. Qg4 g6 8. Bd2
Bd7 9. Nf3 Qc7 10. Bd3 c4 11. Be2 O-O-O 12. h4 f5 13. Qg3 Nge7 14. Rh3 h6 15.
Qh2 Rdg8 16. Ng1 Nd8 17. f3 Nf7 18. g4 Ba4 19. Bd1 Qb6 20. Bc1 Rh7 21. g5 h5 22.
f4 Rd8 23. Qd2 Kd7 24. Ra2 Rc8 25. Rb2 Qa6 26. Rb4 Nc6 27. Rb1 Ne7 28. Rb4 Nc6
29. Rb1 Ne7 30. Rb4 Nc6 31. Rb1 Ne7 32. Rb4 Nc6 33. Rb1 Ne7 34. Rb4 Nc6 1/2-1/2

[Event "III Miedzynarodowy Memorial Ireny Warakomskiej - Open C"]
[Site "Suwalki"]
[Date "2019.08.12"]
[Round "5.16"]
[White "Zmarzly, Wiktor"]
[Black "Werner, Kacper "]
[Result "0-1"]
[WhiteTitle ""]
[BlackTitle ""]
[WhiteElo "1285"]
[BlackElo "1435"]

1. d4 Nf6 2. c4 g6 3. Nf3 Bg7 4. Nc3 O-O 5. Bf4 d6 6. e3 Nbd7 7. Be2 Re8 8. h3
b6 9. d5 Bb7 10. e4 e5 11. Bh2 Rf8 12. O-O Ne8 13. Ne1 f5 14. f3 f4 15. Nd3 Bf6
16. g3 g5 17. g4 Qe7 18. Kg2 Ng7 19. Bg1 Kf7 20. Bf2 Rh8 21. Rh1 h5 22. b4 Nf8
23. Rh2 Ng6 24. Qd2 hxg4 25. hxg4 Rxh2+ 0-1

[Event "III Miedzynarodowy Memorial Ireny Warakomskiej - Open C"]
[Site "Suwalki"]
[Date "2019.08.12"]
[Round "5.17"]
[White "Kaminski, Lukasz "]
[Black "Szczotka, Matylda"]
[Result "0-1"]
[WhiteTitle ""]
[BlackTitle ""]
[WhiteElo "1425"]
[BlackElo "1298"]

1. e4 e5 2. Nf3 Nc6 3. Bc4 Bc5 4. c3 Nf6 5. d3 d6 6. a4 a6 7. O-O O-O 8. h3 h6
9. Re1 Kh8 10. Nbd2 Nh7 11. Nf1 f5 12. exf5 Bxf5 13. Ng3 Bd7 14. Be3 Bxe3 15.
fxe3 Ng5 16. Nh4 Nxh3+ 17. gxh3 Qxh4 18. Ne4 Ne7 19. Qe2 d5 20. Nc5 Bxh3 21. Qh2
dxc4 22. Re2 cxd3 23. Nxd3 Rf5 24. e4 Qg4+ 25. Kh1 Qf3+ 26. Rg2 Bxg2+ 27. Qxg2
Rh5+ 28. Kg1 Rg5 0-1

[Event "III Miedzynarodowy Memorial Ireny Warakomskiej - Open C"]
[Site "Suwalki"]
[Date "2019.08.12"]
[Round "5.18"]
[White "Szczygiel, Antoni"]
[Black "Olszewski, Piotr "]
[Result "1-0"]
[WhiteTitle ""]
[BlackTitle ""]
[WhiteElo "1393"]
[BlackElo "1125"]

1. e4 d5 2. exd5 Qxd5 3. Nc3 Qa5 4. Nf3 Nf6 5. Be2 Bf5 6. O-O e6 7. d4 c6 8. Bd2
Qc7 9. a3 Nbd7 10. h3 Be7 11. b4 Nd5 12. Nxd5 cxd5 13. Rc1 Nb6 14. Bb5+ Kf8 15.
Be2 Nc4 16. Bxc4 Qxc4 17. c3 Bf6 18. Bf4 Ke7 19. g4 g6 20. gxf5 gxf5 21. Be5 Rhg8+
22. Kh1 Rg6 23. Bxf6+ Rxf6 24. Ne5 Rh6 25. Nxc4 Rh4 26. Kg2 Rh6 27. Ne5 Rg8+ 28.
Kf3 f6 29. Nd3 Rg5 30. Ke2 Rh4 31. Kd2 f4 32. Kc2 f3 33. Qxf3 1-0

[Event "III Miedzynarodowy Memorial Ireny Warakomskiej - Open C"]
[Site "Suwalki"]
[Date "2019.08.12"]
[Round "5.20"]
[White "Pojawa, Jakub"]
[Black "Niedorys, Karolina "]
[Result "1/2-1/2"]
[WhiteTitle ""]
[BlackTitle ""]
[WhiteElo "1191"]
[BlackElo "1329"]

1. f4 d5 2. Nf3 Nc6 3. g3 Nf6 4. Bg2 Bf5 5. O-O e6 6. d4 Nb4 7. Na3 c5 8. c3 Nc6
9. Nc2 Qb6 10. e3 Rc8 11. dxc5 Bxc5 12. Ncd4 Bxd4 13. Nxd4 Nxd4 14. Qxd4 Qxd4
15. exd4 1/2-1/2

[Event "III Miedzynarodowy Memorial Ireny Warakomskiej - Open C"]
[Site "Suwalki"]
[Date "2019.08.12"]
[Round "5.21"]
[White "Galaszewski, Karol "]
[Black "Szczygiel, Wojciech"]
[Result "0-1"]
[WhiteTitle ""]
[BlackTitle ""]
[WhiteElo "1108"]
[BlackElo "1313"]

1. e4 e6 2. d4 d5 3. Nd2 Nf6 4. e5 Nfd7 5. Bd3 c5 6. c3 Qb6 7. Ne2 Nc6 8. Nf3 Be7
9. Rb1 f6 10. exf6 Bxf6 11. Bg5 O-O 12. Qc2 g6 13. Ng3 e5 14. Bxf6 Rxf6 15. dxe5
Ndxe5 16. Nxe5 Nxe5 17. O-O c4 18. Be2 h5 19. b3 Qc7 20. bxc4 h4 21. Nh1 Bf5 22.
Qd2 Bxb1 23. Qxd5+ Kg7 24. Rxb1 Rb6 25. Rxb6 axb6 26. Qb5 Rxa2 27. Bf1 Qc5 0-1

[Event "III Miedzynarodowy Memorial Ireny Warakomskiej - Open C"]
[Site "Suwalki"]
[Date "2019.08.12"]
[Round "5.22"]
[White "Borowik, Grzegorz"]
[Black "Sprzeczka, Emilia"]
[Result "0-1"]
[WhiteTitle ""]
[BlackTitle ""]
[WhiteElo "1123"]
[BlackElo "1276"]

1. d4 d5 2. Nf3 Nc6 3. Bf4 e6 4. e3 Bd6 5. Bb5 Nf6 6. Nc3 a6 7. Bd3 O-O 8. Bg5
h6 9. Bh4 Bb4 10. Ne5 Be7 11. Bg3 Nxe5 12. Bxe5 Bd6 13. f4 Bxe5 14. fxe5 Nh7 15.
O-O b6 16. Rf4 c5 17. Qf3 f6 18. Bxh7+ Kxh7 19. Rf1 cxd4 0-1

[Event "III Miedzynarodowy Memorial Ireny Warakomskiej - Open C"]
[Site "Suwalki"]
[Date "2019.08.12"]
[Round "5.23"]
[White "Walendykiewicz, Martyna"]
[Black "Zapalowska, Wiktoria "]
[Result "1/2-1/2"]
[WhiteTitle ""]
[BlackTitle ""]
[WhiteElo "1253"]
[BlackElo "1103"]

1. d4 d5 2. Nf3 Nf6 3. e3 Bg4 4. Be2 e6 5. O-O Be7 6. Ne5 Bxe2 7. Qxe2 Nbd7 8.
Nxd7 Qxd7 9. Nc3 O-O 10. a3 c5 11. dxc5 Bxc5 12. Rd1 Qc6 13. Qf3 Rad8 14. Bd2
Rfe8 15. Re1 e5 16. Rad1 Rd7 17. h3 h6 18. Kh1 g6 19. Kg1 b5 20. Na2 Rc8 21. Bc3
d4 22. Qxc6 Rxc6 23. exd4 exd4 24. Bd2 Bb6 25. Rc1 a5 26. Bf4 Nd5 27. Bg3 Re7
28. Rxe7 Nxe7 29. Bf4 Nd5 30. Bd2 g5 31. c3 dxc3 32. Nxc3 Nxc3 33. Rxc3 Rxc3 34.
Bxc3 a4 35. Kf1 f5 36. f3 Kf7 37. Ke2 Ke6 38. Kd3 Kd5 39. g4 fxg4 40. hxg4 Bc7
41. Bg7 Bf4 42. Bxh6 Bc1 43. Bg7 Bf4 44. Bf6 Bc1 45. Kc3 Bf4 46. Kb4 Kc6 47. Kc3
Kd5 48. Kd3 Bc1 49. Bc3 Bf4 50. Bg7 Bc1 51. Kc2 Bf4 52. b3 axb3+ 53. Kxb3 Kc5
54. Kc3 Bc1 55. Bf8+ Kb6 56. Kb4 Kc6 1/2-1/2

[Event "III Miedzynarodowy Memorial Ireny Warakomskiej - Open C"]
[Site "Suwalki"]
[Date "2019.08.12"]
[Round "5.24"]
[White "Bednarski, Pawel "]
[Black "Dietrich, Pawel"]
[Result "1-0"]
[WhiteTitle ""]
[BlackTitle ""]
[WhiteElo "1135"]
[BlackElo "1244"]

1. e4 c5 2. Nc3 Nc6 3. Nf3 g6 4. Bc4 Bg7 5. O-O e6 6. d3 Nge7 7. Be3 d5 8. exd5
exd5 9. Nxd5 Nxd5 10. Bxc5 b6 11. Re1+ Nde7 12. Ba3 O-O 13. Ng5 h6 14. Nxf7 Rxf7
15. Bxf7+ Kxf7 16. Qf3+ Bf5 17. Bxe7 Nxe7 18. Rxe7+ Qxe7 19. Qxa8 Bxb2 20. Rf1
1-0

[Event "III Miedzynarodowy Memorial Ireny Warakomskiej - Open C"]
[Site "Suwalki"]
[Date "2019.08.12"]
[Round "5.25"]
[White "Gladyszewska, Kinga"]
[Black "Makarec, Anna"]
[Result "0-1"]
[WhiteTitle ""]
[BlackTitle ""]
[WhiteElo "1235"]
[BlackElo "1099"]

1. e4 e5 2. Nf3 Nc6 3. Bc4 Bc5 4. d3 Nf6 5. Bg5 h6 6. Bh4 g5 7. Bg3 d6 8. h3 Na5
9. Bb3 Nxb3 10. axb3 Be6 11. Nc3 a6 12. Qd2 Qe7 13. Na4 Ba7 14. O-O-O O-O-O 15.
Nc3 c6 16. d4 exd4 17. Nxd4 d5 18. exd5 Nxd5 19. Nxe6 fxe6 20. Qe1 Rhf8 21. Rf1
h5 22. Nxd5 Rxd5 23. Rxd5 cxd5 24. Qc3+ Kd8 25. Qa5+ Ke8 26. f3 Be3+ 27. Kb1 Qc5
28. Qxc5 Bxc5 29. Re1 Kd7 30. Kc1 h4 31. Be5 Bd6 32. Bxd6 Kxd6 33. Kd2 Rf5 34.
Rf1 d4 35. Re1 Re5 36. Rf1 b6 0-1

[Event "III Miedzynarodowy Memorial Ireny Warakomskiej - Open C"]
[Site "Suwalki"]
[Date "2019.08.12"]
[Round "5.27"]
[White "Chiszko, Wiktoria"]
[Black "Pieczulis, Hubert"]
[Result "0-1"]
[WhiteTitle ""]
[BlackTitle ""]
[WhiteElo "1046"]
[BlackElo "1224"]

1. e4 e6 2. d4 d5 3. e5 c5 4. Nf3 Nc6 5. c3 Qb6 6. Be2 cxd4 7. cxd4 Nge7 8. O-O
Bd7 9. Nc3 Nf5 10. b3 Nfxd4 11. Nxd4 Qxd4 12. Nb5 Qxd1 13. Rxd1 Rc8 14. Be3 a6
15. Nd6+ Bxd6 16. exd6 Nd8 17. Bg5 Bc6 18. Be7 Kd7 19. f4 f6 20. f5 e5 21. Bh5
d4 22. Rac1 Be4 23. Bg4 Nc6 24. Re1 Bd5 25. Rc5 Bf7 26. Rec1 Nxe7 27. dxe7 Rxc5
28. Rxc5 Rc8 29. Rxc8 Kxc8 30. Bf3 h6 31. Bd5 Be8 32. Kf2 b6 33. a3 Kd7 34. Bc4
a5 35. Bb5+ Kxe7 36. Bxe8 Kxe8 37. Ke2 Kd7 38. Kd3 Kc6 39. h4 Kd5 40. g4 e4+ 41.
Kd2 b5 42. g5 hxg5 43. hxg5 a4 44. bxa4 bxa4 0-1

[Event "III Miedzynarodowy Memorial Ireny Warakomskiej - Open C"]
[Site "Suwalki"]
[Date "2019.08.12"]
[Round "5.30"]
[White "Dietrich, Grzegorz "]
[Black "Sivickis, Kornelia "]
[Result "0-1"]
[WhiteTitle ""]
[BlackTitle ""]
[WhiteElo "1203"]
[BlackElo "1101"]

1. e4 c5 2. Nf3 e6 3. d4 cxd4 4. Nxd4 a6 5. Nc3 Qc7 6. Bd3 Bb4 7. Bd2 Nf6 8. O-O
O-O 9. Ncb5 Qc5 10. Bxb4 Qxb4 11. c3 Qc5 12. b4 Qb6 13. Na3 d6 14. Rc1 Nbd7 15.
Nc4 Qc7 16. Nf3 Nxe4 17. Bxe4 Qxc4 18. Ng5 Nf6 19. Qd3 Qxd3 20. Bxd3 h6 21. Nf3
Bd7 22. Rfd1 Rad8 23. c4 Rb8 24. b5 axb5 25. cxb5 0-1

[Event "III Miedzynarodowy Memorial Ireny Warakomskiej - Open C"]
[Site "Suwalki"]
[Date "2019.08.12"]
[Round "5.31"]
[White "Borowik, Karol "]
[Black "Wiszniewska, Gabriela"]
[Result "0-1"]
[WhiteTitle ""]
[BlackTitle ""]
[WhiteElo "1183"]
[BlackElo "1100"]

1. e4 e5 2. Nf3 Nc6 3. Bb5 d6 4. O-O Bd7 5. d3 Nf6 6. Nbd2 Ne7 7. Bxd7+ Qxd7 8.
c3 Ng6 9. Re1 Nf4 10. Nf1 N6h5 11. Ng3 g6 12. d4 Bg7 13. dxe5 dxe5 14. Qxd7+ Kxd7
15. Be3 b6 16. Nxh5 Nxh5 17. h3 Rae8 18. Nd2 f5 19. f3 Nf6 20. Bf2 Rhf8 21. a4
Nh5 22. c4 Nf4 23. Red1 Kc8 24. Rab1 Rd8 25. exf5 gxf5 26. Be3 Bh6 27. Bxf4 Bxf4
28. Nb3 Rxd1+ 29. Rxd1 Rd8 30. Rxd8+ Kxd8 31. Kf2 Ke7 32. Ke2 Kf6 33. Na1 Kg5
34. Nc2 Kh4 35. Kf1 a5 36. b4 Kg3 37. b5 Bd2 38. Ke2 Kxg2 39. Kxd2 Kxh3 40. Ne3
f4 41. Nf1 Kg2 42. Ke2 h5 43. Ke1 Kxf3 44. Nd2+ Kg2 45. Ke2 h4 46. Nf3 h3 47.
Nh4+ Kg3 48. Nf3 h2 49. Nxh2 Kxh2 50. Kf3 Kh3 51. Ke4 Kg3 52. Kxe5 f3 53. Kd5
f2 54. Kc6 f1=Q 55. Kxc7 Qxc4+ 56. Kxb6 Qxa4 0-1

[Event "III Miedzynarodowy Memorial Ireny Warakomskiej - Open C"]
[Site "Suwalki"]
[Date "2019.08.12"]
[Round "6.1"]
[White "Sivickis, Andrejus "]
[Black "Czarniecki, Pawel"]
[Result "0-1"]
[WhiteTitle ""]
[BlackTitle ""]
[WhiteElo "1206"]
[BlackElo "1570"]

1. e4 c5 2. d4 cxd4 3. c3 dxc3 4. Nxc3 Nc6 5. Nf3 d6 6. Bc4 a6 7. h3 Nf6 8. O-O
b5 9. Bd5 Bb7 10. e5 Nxd5 11. Nxd5 dxe5 12. Re1 f6 13. Be3 Nd4 14. Nc3 Nxf3+ 15.
gxf3 e6 16. Qe2 Bb4 17. Rad1 Qe7 18. a3 Bxc3 19. bxc3 Rc8 20. Rc1 Bd5 21. Bb6
Qb7 0-1

[Event "III Miedzynarodowy Memorial Ireny Warakomskiej - Open C"]
[Site "Suwalki"]
[Date "2019.08.12"]
[Round "6.2"]
[White "Arciszewska, Zuzanna "]
[Black "Konewko, Konrad"]
[Result "0-1"]
[WhiteTitle ""]
[BlackTitle ""]
[WhiteElo "1499"]
[BlackElo "1544"]

1. e4 c5 2. Nf3 Nc6 3. d4 cxd4 4. Nxd4 Nf6 5. Nc3 e5 6. Ndb5 d6 7. Bg5 a6 8. Na3
b5 9. Nd5 Be7 10. Bxf6 Bxf6 11. c4 b4 12. Nc2 a5 13. Be2 Be6 14. O-O O-O 15. Nxf6+
gxf6 16. b3 f5 17. Bf3 f4 18. Bg4 Bxg4 19. Qxg4+ Kh8 20. Rfd1 Rg8 21. Qf5 Qe7
22. Qh3 Rg6 23. Ne1 Rag8 24. f3 Qf6 25. Rd2 Rh6 26. Qf5 Qh4 27. h3 Nd4 28. Rxd4
exd4 29. Nd3 Rf6 30. Qd7 Rfg6 31. Ne1 Qg3 32. Qg4 Rxg4 33. hxg4 0-1

[Event "III Miedzynarodowy Memorial Ireny Warakomskiej - Open C"]
[Site "Suwalki"]
[Date "2019.08.12"]
[Round "6.3"]
[White "Borowik, Grzegorz"]
[Black "Zydorczak, Marek "]
[Result "1-0"]
[WhiteTitle ""]
[BlackTitle ""]
[WhiteElo "1123"]
[BlackElo "1521"]

1. d4 d5 2. Nf3 Nf6 3. c4 e6 4. Nc3 c5 5. cxd5 Nxd5 6. e3 Nc6 7. Be2 Nxc3 8. bxc3
b6 9. O-O Be7 10. Qc2 O-O 11. Bd3 f5 12. Rd1 Qc7 13. e4 Rd8 14. exf5 exf5 15.
Bxf5 Bxf5 16. Qxf5 Bf6 17. Ng5 Bxg5 18. Bxg5 Rf8 19. Qd5+ Kh8 20. dxc5 Ne5 21.
cxb6 axb6 22. Qd6 Qxc3 23. Qxb6 Ng4 24. Be3 Qe5 25. Qd6 Qb2 26. Qd4 Rxa2 27. Rxa2
Qxa2 28. Qxg4 h6 29. h4 Qb3 30. Bd4 Rf7 31. Be3 Rf8 32. Rd7 Qb1+ 33. Kh2 Qb8+
34. g3 Qb6 35. Qxg7# 1-0

[Event "III Miedzynarodowy Memorial Ireny Warakomskiej - Open C"]
[Site "Suwalki"]
[Date "2019.08.12"]
[Round "6.4"]
[White "Werner, Kacper "]
[Black "Sapinski, Sebastian"]
[Result "1-0"]
[WhiteTitle ""]
[BlackTitle ""]
[WhiteElo "1435"]
[BlackElo "1495"]

1. e4 e6 2. d4 d5 3. exd5 exd5 4. Bd3 Nf6 5. Nf3 c5 6. dxc5 Bxc5 7. O-O O-O 8.
h3 h6 9. Bf4 Nc6 10. Nbd2 Be6 11. Nb3 Bb6 12. c3 Rc8 13. Re1 a6 14. Qd2 Qd7 15.
Be3 Bxe3 16. Rxe3 Rfe8 17. Rae1 Ne7 18. Nbd4 Nf5 19. Ne5 Nxe3 20. Nxd7 Bxd7 21.
Rxe3 1-0

[Event "III Miedzynarodowy Memorial Ireny Warakomskiej - Open C"]
[Site "Suwalki"]
[Date "2019.08.12"]
[Round "6.6"]
[White "Hancharevich, Heorhi "]
[Black "Kitewski, Bartosz"]
[Result "0-1"]
[WhiteTitle ""]
[BlackTitle ""]
[WhiteElo "1360"]
[BlackElo "1479"]

1. e4 e6 2. d4 d5 3. exd5 exd5 4. c4 Nf6 5. Bd3 Nc6 6. Nf3 Bg4 7. Be3 Bb4+ 8. Nc3
Ne4 9. Rc1 O-O 10. O-O Bxc3 11. bxc3 Re8 12. h3 Bh5 13. Bf4 dxc4 14. Bxc4 Na5
15. Bd3 c6 16. g4 Bg6 17. Ne5 b5 18. Qf3 Qd5 19. Kg2 a6 20. h4 Nf6 21. Nxg6 hxg6
22. g5 Qxf3+ 23. Kxf3 Nd5 24. Bh2 Re6 25. c4 Nb4 26. Be2 Rae8 27. Bd1 Nxc4 28.
Kg2 Nd3 29. Rc2 Ne1+ 30. Rxe1 Rxe1 31. Bf3 R1e6 32. a4 Rd8 33. d5 cxd5 34. axb5
axb5 35. Bf4 b4 36. Bg4 Rc6 37. Kg3 b3 38. Rc1 b2 39. Rb1 Ra6 40. Be2 Ra1 41.
Bd3 Rxb1 0-1

[Event "III Miedzynarodowy Memorial Ireny Warakomskiej - Open C"]
[Site "Suwalki"]
[Date "2019.08.12"]
[Round "6.7"]
[White "Tomicki, Marek "]
[Black "Fudala, Dominik"]
[Result "1/2-1/2"]
[WhiteTitle ""]
[BlackTitle ""]
[WhiteElo "1471"]
[BlackElo "1470"]

1. d4 Nf6 2. c4 e6 3. e3 d5 4. Nf3 c6 5. cxd5 cxd5 6. Bd3 Bd6 7. O-O O-O 8. Nc3
Nc6 9. Bd2 Nb4 10. Bb1 a5 11. a3 Nc6 12. Bd3 e5 13. dxe5 Nxe5 14. Nxe5 Bxe5 15.
h3 d4 16. exd4 Bxd4 17. Qc2 Bd7 18. Ne2 Be5 19. Bc3 Bxc3 20. Nxc3 Bc6 21. Rad1
Qb6 22. Rfe1 1/2-1/2

[Event "III Miedzynarodowy Memorial Ireny Warakomskiej - Open C"]
[Site "Suwalki"]
[Date "2019.08.12"]
[Round "6.8"]
[White "Stefaniuk, Zbigniew"]
[Black "Bednarska, Julita"]
[Result "1/2-1/2"]
[WhiteTitle ""]
[BlackTitle ""]
[WhiteElo "1467"]
[BlackElo "1436"]

1. e4 e6 2. d4 d5 3. Nd2 dxe4 4. Nxe4 Bd7 5. Nf3 Bc6 6. Bd3 Bxe4 7. Bxe4 c6 8.
O-O Nf6 9. Bd3 Bd6 10. Re1 O-O 11. c4 Nbd7 12. Bd2 Qc7 13. h3 h6 14. Qc2 c5 15.
Bc3 Rac8 16. dxc5 Bxc5 17. b4 Be7 18. Ne5 Rfe8 19. a3 Nxe5 20. Bxe5 Qc6 21. Rad1
Nd7 22. Bd4 b6 23. Qb2 Bf6 24. Bf1 Bxd4 25. Qxd4 Qc7 26. Qd6 Qxd6 27. Rxd6 Nf6
28. Red1 Kf8 29. f3 Ke7 1/2-1/2

[Event "III Miedzynarodowy Memorial Ireny Warakomskiej - Open C"]
[Site "Suwalki"]
[Date "2019.08.12"]
[Round "6.9"]
[White "Pojawa, Jakub"]
[Black "Wojdak, Karol"]
[Result "1/2-1/2"]
[WhiteTitle ""]
[BlackTitle ""]
[WhiteElo "1191"]
[BlackElo "1457"]

1. f4 d6 2. Nf3 Nc6 3. g3 e5 4. d3 Nf6 5. e4 Bg4 6. Be2 Bd7 7. Nc3 h6 8. f5 g5
9. fxg6 fxg6 10. Nh4 Ne7 11. Rf1 Bg7 12. Nd5 Nexd5 13. exd5 Bf5 14. Nxf5 gxf5
15. Rxf5 Qd7 16. Bg4 O-O-O 1/2-1/2

[Event "III Miedzynarodowy Memorial Ireny Warakomskiej - Open C"]
[Site "Suwalki"]
[Date "2019.08.12"]
[Round "6.11"]
[White "Zapalowska, Wiktoria "]
[Black "Wojtacha, Krzysztof"]
[Result "1/2-1/2"]
[WhiteTitle ""]
[BlackTitle ""]
[WhiteElo "1103"]
[BlackElo "1446"]

1. e4 c5 2. Nf3 e6 3. d4 cxd4 4. Nxd4 a6 5. c4 Nf6 6. Nc3 Bb4 7. Qf3 Bxc3+ 8. bxc3
Qc7 9. Be2 b6 10. Bg5 Qe5 11. Bxf6 Qxf6 12. e5 Qxf3 13. Bxf3 Ra7 14. Rb1 Kd8 15.
Rxb6 Kc7 16. Rb2 Bb7 17. Rxb7+ Rxb7 18. Bxb7 Kxb7 19. Kd2 Rc8 20. Rb1+ Ka7 21.
Kd3 Rc5 22. f4 Ra5 23. Rb2 Rc5 24. g4 g5 25. Rf2 gxf4 26. Rxf4 Rxe5 27. Rxf7 Rg5
28. Nxe6 Rxg4 29. Nc5 Rh4 30. Nxd7 Nxd7 31. Rxd7+ Kb6 32. Rd6+ Kb7 33. c5 Rxh2
34. Rd7+ Kc6 35. Rd6+ Kb7 36. Rd7+ Kc6 37. Rd6+ Kb7 38. Rd7+ Kc6 39. Rd6+ Kb7
40. Rd7+ Kc6 41. Rd6+ Kb7 42. Rd7+ 1/2-1/2

[Event "III Miedzynarodowy Memorial Ireny Warakomskiej - Open C"]
[Site "Suwalki"]
[Date "2019.08.12"]
[Round "6.12"]
[White "Businski, Karol"]
[Black "Szewczyk, Malwina"]
[Result "1/2-1/2"]
[WhiteTitle ""]
[BlackTitle ""]
[WhiteElo "1441"]
[BlackElo "1330"]

1. e4 e5 2. Nf3 Nc6 3. Bb5 g6 4. O-O Bg7 5. c3 Nge7 6. Re1 O-O 7. d4 exd4 8. cxd4
d6 9. Nc3 Bg4 10. Be3 Bxf3 11. gxf3 f5 12. Kh1 f4 13. Bc1 Nxd4 14. Qd3 c6 15.
Ba4 Kh8 16. Ne2 Ne6 17. Bb3 Nc5 18. Qc2 g5 19. Bd2 Ng6 20. Bc3 Ne5 21. Nd4 b5
22. Nf5 b4 23. Nxg7 bxc3 24. Ne6 Nxe6 25. Bxe6 cxb2 26. Qxb2 Rf6 27. Bf5 Nd3 28.
Qb7 Rh6 29. Rg1 Nxf2+ 30. Kg2 Nd3 31. Rad1 Ne5 32. Rxd6 Qxd6 33. Qxa8+ Kg7 34.
Qxa7+ Nf7 35. Qf2 c5 36. Qb2+ Ne5 37. Qc2 Qd3 38. Qxd3 Nxd3 39. Rd1 c4 40. Bd7
Ra6 41. a4 Nb4 42. Rc1 Rd6 43. Bb5 Rd2+ 1/2-1/2

[Event "III Miedzynarodowy Memorial Ireny Warakomskiej - Open C"]
[Site "Suwalki"]
[Date "2019.08.12"]
[Round "6.13"]
[White "Szczotka, Matylda"]
[Black "Pieczulis, Blazej"]
[Result "0-1"]
[WhiteTitle ""]
[BlackTitle ""]
[WhiteElo "1298"]
[BlackElo "1439"]

1. e4 e6 2. d4 d5 3. Bd3 Nf6 4. e5 Nfd7 5. Ne2 c5 6. c3 Nc6 7. Nd2 Qb6 8. Nf3 cxd4
9. cxd4 f6 10. exf6 Nxf6 11. O-O Bd6 12. Re1 O-O 13. Rb1 Bd7 14. Be3 Be8 15. Ng5
Bf7 16. a3 Qc7 17. h3 h6 18. Nxf7 Qxf7 19. Bc2 Kh8 20. Qd2 Nh5 21. Qd3 g5 22.
Rbd1 Ne7 23. Qd2 Ng7 24. Nc3 Rac8 25. Nb5 Bb8 26. Rc1 Nc6 27. Qe2 Rce8 28. Qd3
Nf5 29. Qd2 a6 30. Nc3 Qc7 31. Bxf5 Qh2+ 32. Kf1 Rxf5 33. Ne2 Ne7 34. Qb4 Ng6
35. Ng1 Nh4 36. Ke2 Nxg2 37. Rf1 Nxe3 38. Kxe3 Bf4+ 39. Ke2 Bxc1 40. Rxc1 Qxf2+
41. Kd1 Qxg1+ 42. Kc2 Rc8+ 43. Kb1 Rxc1+ 44. Ka2 Ra1+ 45. Kb3 Qd1+ 46. Kc3 Rf3#
0-1

[Event "III Miedzynarodowy Memorial Ireny Warakomskiej - Open C"]
[Site "Suwalki"]
[Date "2019.08.12"]
[Round "6.14"]
[White "Owczarek, Monika "]
[Black "Zmarzly, Wiktor"]
[Result "0-1"]
[WhiteTitle ""]
[BlackTitle ""]
[WhiteElo "1439"]
[BlackElo "1285"]

1. d4 d5 2. Nf3 e6 3. g3 Bd6 4. Bg2 Nf6 5. O-O O-O 6. Nbd2 Nbd7 7. c4 c6 8. c5
Bc7 9. b4 a5 10. Qb3 axb4 11. Qxb4 e5 12. dxe5 Nxe5 13. Nxe5 Bxe5 14. Bb2 Bxb2
15. Qxb2 Qe7 16. Nb3 Re8 17. e3 Qe5 18. Qd2 Ne4 19. Qc1 Nc3 20. Qd2 Ne4 21. Qc1
Qe7 22. a4 Ng5 23. h4 Ne4 24. a5 g5 25. hxg5 Nxg5 26. Qd1 Bh3 27. Bxh3 Nxh3+ 28.
Kg2 Ng5 29. Qg4 Qe4+ 30. Qxe4 Rxe4 31. Nd4 Ne6 32. Nxe6 fxe6 33. Rfc1 Rb4 34.
Rab1 Rxb1 35. Rxb1 Ra7 36. f4 Kf7 37. Ra1 Kf6 38. Kf3 h5 39. g4 hxg4+ 40. Kxg4
Ra8 41. Kg3 e5 42. fxe5+ Kxe5 43. Kf2 d4 44. exd4+ Kxd4 45. Rb1 Ra7 46. Ke2 Kxc5
47. Kd3 Rxa5 48. Rxb7 Ra3+ 49. Kc2 Kc4 0-1

[Event "III Miedzynarodowy Memorial Ireny Warakomskiej - Open C"]
[Site "Suwalki"]
[Date "2019.08.12"]
[Round "6.15"]
[White "Pieczulis, Hubert"]
[Black "Kaminski, Lukasz "]
[Result "1/2-1/2"]
[WhiteTitle ""]
[BlackTitle ""]
[WhiteElo "1224"]
[BlackElo "1425"]

1. d4 d5 2. Nf3 e6 3. e3 c5 4. c3 Nc6 5. Bd3 Nf6 6. Nbd2 Bd6 7. Qe2 O-O 8. O-O
Qc7 9. dxc5 Bxc5 10. e4 dxe4 11. Nxe4 Be7 12. Nxf6+ Bxf6 13. Qe4 g6 14. Bg5 Bg7
15. Rfd1 e5 16. Bc4 Bf5 17. Qe3 e4 18. Nh4 Ne5 19. Be2 Ng4 20. Bxg4 Bxg4 21. f3
exf3 22. Nxf3 Rfe8 23. Qf2 h6 24. Be3 b6 25. h3 Bc8 26. Bd4 Bb7 27. Rd2 Qf4 28.
Bxg7 Kxg7 29. Qd4+ Qf6 30. Qxf6+ Kxf6 31. Nd4 Re5 32. Rf1+ Kg7 33. Rff2 Rae8 34.
a3 1/2-1/2

[Event "III Miedzynarodowy Memorial Ireny Warakomskiej - Open C"]
[Site "Suwalki"]
[Date "2019.08.12"]
[Round "6.16"]
[White "Oborska, Magda "]
[Black "Sprzeczka, Emilia"]
[Result "1-0"]
[WhiteTitle ""]
[BlackTitle ""]
[WhiteElo "1422"]
[BlackElo "1276"]

1. e4 e5 2. Nf3 Nc6 3. Bb5 a6 4. Ba4 Nf6 5. d3 Bc5 6. O-O d6 7. h3 h6 8. Be3 Bb6
9. Nc3 Be6 10. Ne2 O-O 11. Ng3 Nh7 12. Bxb6 cxb6 13. d4 exd4 14. Nxd4 Qd7 15.
Ndf5 d5 16. Qg4 g6 17. Nxh6+ Kh8 18. Qf4 dxe4 19. Nxe4 Rae8 20. Rad1 Qe7 21. a3
Bd5 22. Nd6 Rb8 23. Rfe1 Qc7 24. Qh4 1-0

[Event "III Miedzynarodowy Memorial Ireny Warakomskiej - Open C"]
[Site "Suwalki"]
[Date "2019.08.12"]
[Round "6.17"]
[White "Bednarski, Pawel "]
[Black "Szczygiel, Antoni"]
[Result "0-1"]
[WhiteTitle ""]
[BlackTitle ""]
[WhiteElo "1135"]
[BlackElo "1393"]

1. e4 g6 2. Bc4 Bg7 3. c3 d6 4. d4 Nf6 5. Qc2 O-O 6. Be3 c6 7. Nf3 Nbd7 8. O-O
Ng4 9. Nbd2 Nxe3 10. fxe3 e5 11. Qb3 Qe7 12. a4 Nb6 13. Bd3 Be6 14. Qc2 Bg4 15.
b4 c5 16. a5 Nd7 17. h3 Bxf3 18. Nxf3 cxb4 19. cxb4 Rac8 20. Qb3 a6 21. Rac1 Nf6
22. dxe5 dxe5 23. Ng5 Rxc1 24. Rxc1 Bh6 25. h4 Bxg5 26. hxg5 Ng4 27. Bc4 Qxg5
28. Re1 Qh4 29. Qd1 Qh2+ 30. Kf1 Qh1+ 31. Ke2 Qxg2+ 32. Kd3 Nf2+ 33. Kc3 Nxd1+
34. Rxd1 Qxe4 35. Bd3 Qxe3 0-1